Robust Stream Reasoning under Uncertainty.

Bibliographic Details
Main Author: de Leng, Daniel.
Format: eBook
Language:English
Published: Linköping : Linkopings Universitet, 2019.
Edition:1st ed.
Series:Linköping Studies in Science and Technology. Dissertations Series
Subjects:
Online Access:Click to View
LEADER 02408nam a22003733i 4500
001 EBC5975131
003 MiAaPQ
005 20240729202202.0
006 m o d |
007 cr cnu||||||||
008 240729s2019 xx o ||||0 eng d
020 |a 9789176850138  |q (electronic bk.) 
035 |a (MiAaPQ)EBC5975131 
035 |a (Au-PeEL)EBL5975131 
035 |a (OCoLC)1127953225 
040 |a MiAaPQ  |b eng  |e rda  |e pn  |c MiAaPQ  |d MiAaPQ 
100 1 |a de Leng, Daniel. 
245 1 0 |a Robust Stream Reasoning under Uncertainty. 
250 |a 1st ed. 
264 1 |a Linköping :  |b Linkopings Universitet,  |c 2019. 
264 4 |c {copy}2019. 
300 |a 1 online resource (234 pages) 
336 |a text  |b txt  |2 rdacontent 
337 |a computer  |b c  |2 rdamedia 
338 |a online resource  |b cr  |2 rdacarrier 
490 1 |a Linköping Studies in Science and Technology. Dissertations Series ;  |v v.2006 
505 0 |a Intro -- POPULÄRVETENSKAPLIG SAMMANFATTNING -- POPULAIRWETENSCHAPPELIJKE SAMENVATTING -- ABSTRACT -- ACKNOWLEDGEMENTS -- CONTENTS -- LIST OF FIGURES -- LIST OF TABLES -- Part I: INTRODUCTION AND BACKGROUND -- Chapter 1: Introduction -- Chapter 2: Preliminaries -- Part II: STREAM REASONING UNDER UNCERTAINTY -- Chapter 3: Reasoning about time -- Chapter 4: Reasoning under uncertainty -- Chapter 5: Reasoning about space -- Part III: ADAPTIVE STREAM PROCESSING -- Chapter 6: State stream synthesis -- Chapter 7: Reasoning about composition -- Chapter 8: Reasoning about perturbations -- Part IV: APPLIED STREAM REASONING -- Chapter 9: DyKnow-ROS -- Chapter 10: Case-studies -- Chapter 11: Related work -- Part V: CONCLUSIONS -- Chapter 12: Conclusions and future work -- Bibliography -- Appendix A: DyKnow ontology in Manchestersyntax. 
588 |a Description based on publisher supplied metadata and other sources. 
590 |a Electronic reproduction. Ann Arbor, Michigan : ProQuest Ebook Central, 2024. Available via World Wide Web. Access may be limited to ProQuest Ebook Central affiliated libraries.  
655 4 |a Electronic books. 
776 0 8 |i Print version:  |a de Leng, Daniel  |t Robust Stream Reasoning under Uncertainty  |d Linköping : Linkopings Universitet,c2019 
797 2 |a ProQuest (Firm) 
830 0 |a Linköping Studies in Science and Technology. Dissertations Series 
856 4 0 |u https://ebookcentral.proquest.com/lib/matrademy/detail.action?docID=5975131  |z Click to View